Globálne problémy v svetovej ekonomike bakalárska práca

Enregistré dans:
Détails bibliographiques
Auteur principal: Fabianová, Katarína
Collectivité auteur: Podnikovohospodárska fakulta EU so sídlom v Košiciach. Katedra marketingu a obchodu
Autres auteurs: Gontkovičová, Barbora, 1986-
Format: Livre
Langue:slovaque
Publié: Košice 2014
Tags: Ajouter un tag
Pas de tags, Soyez le premier à ajouter un tag!

MARC

LEADER 00000nbm a2200000 4500
001 0189183
005 20170201085015.0
041 0 |a slo 
044 |a SK 
245 1 0 |a Globálne problémy v svetovej ekonomike  |b bakalárska práca  |c Katarína Fabianová ; školiteľ: Barbora Gontkovičová 
264 1 |a Košice  |c 2014 
300 |a 56 s. 
100 1 |a Fabianová, Katarína 
700 1 |a Gontkovičová, Barbora, 1986- 
710 2 |a Podnikovohospodárska fakulta EU so sídlom v Košiciach. Katedra marketingu a obchodu